Responses for Show #4735 - Friday, March 18, 2005

2005 Ultimate Tournament of Champions Round 1, game 28.

Contestants

[<< previous game]

Russ Schumacher, a graduate student and newlywed from Fort Collins, Colorado

Bill Pitassy, a lawyer from Roselle Park, New Jersey

Robert Slaven, a technical products specialist originally from Yellowknife, Northwest Territories, Canada

[next game >>]

Jeopardy! Round responses

THEY CAME TO EGYPT
THIS SHOULD SOUND FAMILIAR
A ULYSSES S. GRANT QUICKIE
(Alex: We want you to name the woman among the famous names we will give you--...)
CHERCHEZ LA FEMME
WHAT A COMEDIAN
"HA"!
    $200 23
(Alex: See how easy it is when you ring in?)
(Bill: And you know the answer!)
(Alex: Oh, that helps.)

Mark Twain

Bill
    $200 9
a daily double

Russ
    $200 4
(Bill: [Without ringing in] What is [*]?)
(Alex: Russ rang in first.)

"Yankee Doodle"

Russ
    $200 1
Sean Young

Bill
    $200 2
David Letterman

Russ
    $200 3
a handlebar

Bill
    $400 24
Lord Carnarvon

Robert
    $400 10
a clue

Robert
    $400 19
New York City

Bill
    $400 14
Sydney Biddle Barrows

Robert
    $400 18
bullets

Bill
    $400 5
a hamlet

Robert
    $600 28
Napoleon

Russ
    $600 11
(Alex: I do it so well.)

sorry

Russ
    $1,000 20
(Alex: [*]. Ulysses [*] Grant. Correct. Hannah [*].)

Simpson

Bill
    $600 15
George Sand

Russ
    $600 25
Jay Leno

Robert
    $600 6
the hammer & sickle

Robert
    $800 29
Edward Lear

Triple Stumper
    $800 12
potpourri

Robert
    $800 21
(Bill: [Without ringing in] Uh, who is [*]?)
...
(Alex: Bill, you've got to remember to ring in--I know it's been a long time!)

Horace Greeley

Russ
    $800 16
Jessie Royce Landis

Robert
    $800 26
Steven Wright

Triple Stumper
    $800 7
the halibut

Robert
    $1000 30
Champollion

Triple Stumper
    $1000 13
a podium

Robert
    $1000 22
the Wilderness

Bill
    $1000 17
Terry Moore

Robert
    $1000 27
George Carlin

Robert
    $1000 8
the habaƱera

Robert

Scores at the first commercial break (after clue 15):

Robert Bill Russ
$5,400 $400 $1,800

Scores at the end of the Jeopardy! Round:

Robert Bill Russ
$9,200 $3,400 $3,200

Double Jeopardy! Round responses

CONTEMPORARY ART
AL PACINO FILM ROLES
THAT'S ILLINOIS-ING
A CATEGORY FROM SCRATCH
REMEMBERING ARTHUR MILLER
WOULD YOU TAKE AN "IOU"?
    $400 26
graffiti

Robert
    $400 6
(Russ: What is Scarface?)

Dog Day Afternoon

RobertRuss
    $400 21
Springfield

Russ
    $400 7
a handicap

Robert
    $400 13
the University of Michigan

Russ
    $400 1
amphibious

Robert
    $800 27
(Bill: Uh, who is Louise Nevelson?)

Judy Chicago

Bill
Triple Stumper
    $800 9
Scarface

Robert
    $800 22
Peoria

Bill
    $800 8
a cat-o'-nine-tails

Bill
    $3,600 17
The Crucible

Russ
    $800 2
Sioux

Russ
    $1200 28
Before Night Falls

Triple Stumper
    $1200 14
(Bill: What is Needle Park?)

Panic in Needle Park

Bill
Triple Stumper
    $1200 23
Cairo

Robert
    $1200 10
the cue ball

Robert
    $1200 18
Willy Loman

Russ
    $1200 3
[Alex adds an "it's" before "from" in his reading of the clue.]

vicarious

Triple Stumper
    $900 29
The Gates

Robert
    $1600 15
The Recruit

Triple Stumper
    $1600 24
Joliet

Robert
    $1600 11
a raccoon

Robert
    $1600 19
(Robert: What is The Misfits?)

After the Fall

RobertRuss
    $1600 4
pious

Russ
    $2000 30
Keith Haring

Triple Stumper
    $2000 16
Author! Author!

Triple Stumper
    $2000 25
DeKalb

Russ
    $2000 12
the devil (Satan)

Robert
    $2000 20
(Robert: What is the Presidential Medal of Freedom?)

the National Medal of Arts

Robert
Triple Stumper
    $2000 5
conscientious

Triple Stumper

Scores at the end of the Double Jeopardy! Round:

Robert Bill Russ
$16,500 $3,000 $14,400

[wagering suggestions for these scores]

Final Jeopardy! Round responses

EUROPEAN LANGUAGES
(Alex: Mittwoch is the only one that doesn't end in "T-A-G".)
...
(Robert: [Upon winning] Ca-na-da! Ca-na-da!)
BillWhat is German
$3,000
RussWhat is Russian?
$2,101
RobertWhat is German?
$12,301
German

Final scores:

Robert Bill Russ
$28,801 $6,000 $12,299
Winner: $28,801 + an advance to UToC Round 2 3rd place: $5,000 2nd place: $5,000

Game dynamics:

Coryat scores:

Robert Bill Russ
$17,200 $2,600 $11,600
24 R
(including 1 DD),
2 W
9 R
(including 1 DD),
2 W
15 R
(including 1 DD),
1 W

Combined Coryat: $31,400

[game clues] [game scores] [suggest correction]

Game tape date: 2005-02-23
The J! Archive is created by fans, for fans. Scraping, republication, monetization, and malicious use prohibited; this site may use cookies and collect identifying information. See terms. The Jeopardy! game show and all elements thereof, including but not limited to copyright and trademark thereto, are the property of Jeopardy Productions, Inc. and are protected under law. This website is not affiliated with, sponsored by, or operated by Jeopardy Productions, Inc. Join the discussion at JBoard.tv.